<?xml version="1.0" encoding="UTF-8"?>
<collection xmlns="http://www.loc.gov/MARC21/slim">
 <record>
  <leader>03271nam a22003131a 4500</leader>
  <controlfield tag="001">1/28760</controlfield>
  <controlfield tag="008">      s2002    lu     f      00010 gre d</controlfield>
  <datafield tag="022" ind1="0" ind2=" ">
   <subfield code="a">0254-1483</subfield>
  </datafield>
  <datafield tag="022" ind1="0" ind2=" ">
   <subfield code="a">0254-1475</subfield>
  </datafield>
  <datafield tag="028" ind1="3" ind2="1">
   <subfield code="a">KT-CO-02-736-GR-C</subfield>
  </datafield>
  <datafield tag="028" ind1="0" ind2="2">
   <subfield code="a">KT-CO-02-736-EN-C</subfield>
  </datafield>
  <datafield tag="028" ind1="0" ind2="2">
   <subfield code="a">2002/0293 (ACC)</subfield>
  </datafield>
  <datafield tag="028" ind1="0" ind2="2">
   <subfield code="a">2002/0294 (ACC)</subfield>
  </datafield>
  <datafield tag="035" ind1=" " ind2=" ">
   <subfield code="l">30690</subfield>
  </datafield>
  <datafield tag="040" ind1=" " ind2=" ">
   <subfield code="a">GR-PeUP</subfield>
  </datafield>
  <datafield tag="084" ind1=" " ind2=" ">
   <subfield code="a">KET COM (2002) 731 τελικό</subfield>
  </datafield>
  <datafield tag="110" ind1="2" ind2=" ">
   <subfield code="a">Επιτροπή των Ευρωπαϊκών Κοινοτήτων.</subfield>
  </datafield>
  <datafield tag="245" ind1="1" ind2="0">
   <subfield code="a">Πρόταση Απόφαση του Συμβουλίου για τη σύναψη συμφωνίας υπό μορφή ανταλλαγής επιστολών ανάμεσα στην Ευρωπαική Κοινότητα και στις Ηνωμένες Πολιτείες της Αμερικής σχετικά με την τροποποίηση των παραχωρήσεων που αφορούν τα σιτηρά τα οποία προβλέπονται από τον πίνακα CXL του παραρτήματος της ΓΣΔΕ 1994 :</subfield>
   <subfield code="b">υποβληθείσες από την Επιτροπή/</subfield>
   <subfield code="c">Επιτροπή των Ευρωπαϊκών Κοινοτήτων</subfield>
  </datafield>
  <datafield tag="246" ind1="1" ind2="0">
   <subfield code="a">Πρόταση Απόφαση του Συμβουλίου για τη σύναψη συμφωνίας υπό μορφή ανταλλαγής επιστολών μεταξύ της Ευρωπαικής Κοινότητας και του Καναδά σύμφωνα με το άρθρο XXVIII(ΓΣΔΕ) 1994 για την τροποποίηση των παραχωρήσεων, όσον αφορά τα σιτηρά, που προβλέπονται στον πίνακ CXL για την ΕΚ Ο οποίος προσαρτάται στη ΓΣΔΕ 1994</subfield>
  </datafield>
  <datafield tag="246" ind1="1" ind2="0">
   <subfield code="a">Proposal for a Council Decision on the conclusion of an Agreement in the form of an exchange of letters between the European Community and the United States of America relating to the modification of concessions with respect to cereals provided for in Schedule CXL annexed to the GATT 1994</subfield>
  </datafield>
  <datafield tag="246" ind1="1" ind2="0">
   <subfield code="a">Proposal for a Council Decision on the conclusion for an exchange of letters between the European Community and Canada pursuant to Article XXVIIIof GATT1994 for the modification of concessions with respect to cereals provided for in EC Schedule CXL annexed to the GATT 1994</subfield>
  </datafield>
  <datafield tag="260" ind1="0" ind2=" ">
   <subfield code="a">Βρυξέλλες, Λουξεμβούργο:</subfield>
   <subfield code="b">Υπηρεσία Επισήμων Εκδόσεων των Ευρωπαϊκών Κοινοτήτων,</subfield>
   <subfield code="c">11.12.2002</subfield>
  </datafield>
  <datafield tag="300" ind1=" " ind2=" ">
   <subfield code="a">21 σ.</subfield>
  </datafield>
  <datafield tag="500" ind1=" " ind2=" ">
   <subfield code="a">Δίγλωσσο</subfield>
  </datafield>
  <datafield tag="852" ind1=" " ind2=" ">
   <subfield code="a">INST</subfield>
   <subfield code="b">UNIPILB</subfield>
   <subfield code="c">KET</subfield>
   <subfield code="e">20051101</subfield>
   <subfield code="h">COM (2002) 731</subfield>
   <subfield code="p">COM (2002) 731</subfield>
   <subfield code="q">COM (2002) 731</subfield>
   <subfield code="t">NOLOAN</subfield>
   <subfield code="y">23</subfield>
   <subfield code="4">1</subfield>
  </datafield>
  <datafield tag="856" ind1="7" ind2="8">
   <subfield code="u">https://eur-lex.europa.eu/legal-content/EL/TXT/PDF/?uri=CELEX:52002PC0731(01)&amp;qid=1551873320952&amp;from=EL</subfield>
  </datafield>
  <datafield tag="856" ind1="7" ind2="8">
   <subfield code="u">https://eur-lex.europa.eu/legal-content/EN/TXT/PDF/?uri=CELEX:52002PC0731(01)&amp;qid=1551873320952&amp;from=EL</subfield>
  </datafield>
  <datafield tag="856" ind1="7" ind2="8">
   <subfield code="u">https://eur-lex.europa.eu/legal-content/EL/TXT/PDF/?uri=CELEX:52002PC0731(02)&amp;qid=1551873320952&amp;from=EL</subfield>
  </datafield>
  <datafield tag="856" ind1="7" ind2="8">
   <subfield code="u">https://eur-lex.europa.eu/legal-content/EN/TXT/PDF/?uri=CELEX:52002PC0731(02)&amp;qid=1551873320952&amp;from=EL</subfield>
  </datafield>
 </record>
</collection>
